A manual of foundry practice /

Gardado en:
Detalles Bibliográficos
Autor Principal: Laing, J.
Outros autores: Rolfe, R. T. (Robert Thatcher), 1883- (joint author.)
Formato: Libro
Idioma:English
Publicado: London, : Chapman & Hall, ltd., 1934.
Subjects:
LEADER 00998cam a22002771 4500
001 c000217051
003 CARM
005 20050914211714.0
008 770907s1934 enk 000 0 eng
010 |a 34025218 
019 1 |a 28494575  |z 12603687  |5 LACONCORD2021 
035 |a (OCoLC)3248168  |5 LACONCORD2021 
040 |a DLC  |b eng  |c OC  |d DLC 
042 |a premarc 
050 0 0 |a TS230  |b .L3 
100 1 |a Laing, J. 
245 0 2 |a A manual of foundry practice /  |c by J. Laing and R. T. Rolfe. 
260 |a London, :  |b Chapman & Hall, ltd.,  |c 1934. 
300 |a vii, 276 p. :  |b illus., plates, diagrs. ;  |c 23 cm. 
650 0 |a Founding. 
650 0 |a Iron-founding. 
700 1 |a Rolfe, R. T.  |q (Robert Thatcher),  |d 1883-,  |e joint author. 
740 0 |a Foundry practice. 
852 8 |b CARM  |h A2:AK04A0  |i B06030  |p 0254282  |f BK 
999 f f |i 57c3d4a0-ceff-593e-b5ae-42d3e65c7b47  |s fd91cc1c-2d35-5e64-9b2f-867bf7ab5edd 
952 f f |p Can circulate  |a CAVAL  |b CAVAL  |c CAVAL  |d CARM 1 Store  |e B06030  |f A2:AK04A0  |h Other scheme  |i book  |m 0254282